00553nam a22001457a 4500003000400000005001700004008004100021040001400062100004800076245010600124260001000230300002900240500011100269504002700380OSt20171010095439.0120608t xxu||||| |||| 00| 0 eng d aMMSUcULS aPajinag, Jenny Ann Q., Barlahan, Daphne C.  aStudent information system of Pinili National High School cJenny Ann Q. Pajinag, Daphne C. Barlahan  c2007  ax, [65] leaves c28 cm.  aThesis (BS Computer Science) -- Mariano Marcos State University- College of Arts and Sciences, Batac City  aBibliography: leaf 47